000 00451nam a2200181Ia 4500
001 18354
005 20260306171624.0
008 260306s9999||||xx |||||||||||||| ||und||
041 _aESP
082 _a658.4034
_bG29
100 _aGaucin Cabello, Víctor
_eAUT
245 0 _aPrincipios de investigación de operaciones
260 _c2020
300 _avi, 237 páginas :
_c27 cm.
650 _aGEN
654 _aCAN
942 _cLIB
_dJUS
_fJUS
_2ddc
_n
999 _c18354
_d18354